000 01704 a2200229 4500
001 16347
005 20260407155458.0
008 260407a1992 arg spa d
003 AR-UNSa-BCEJYS
040 _aAR-UNSa-BCEJYS
_bspa
_cAR-UNSa-BCEJYS
080 _a657.47
_xContabilidad de Costos
245 1 0 _aCostos
020 _a950-511-130-4
250 _a2a. ed.
264 1 _aBuenos Aires :
_bAguilar
_c1992
300 _a664 p.
_c25 cm.
505 _a1. Introducción a la contabilidad de costos - 2. Cuentas principales de la contabilidad de costos - 3. Clasificación de los costos - 4. Variabilidad de los costos - 5. Contabilización de la materia prima - 6. Contabilización de la mano de obra - 7. Contabilización de las cargas sociales - 8. Contabilización de las cargas sociales - 9. Sistemas de costos; 10. Costos históricos por órdenes - 11. Costos presupuestados por órdenes - 12. Costos históricos por procesos - 13. Contingencias en los procesos fabriles - 14. Costos estándares. Requisitos para su implantación - 15. Determinación de costos estándares - 16. Mecanismos de contabilización - 17. Variaciones en estándares - 18. Informes de costos - 19. Gastos de comercialización - 20. Costos financieros - 21. Costos para toma de decisiones - 22. Costeo variable - 23. El papel de los costos en el presupuesto integral - 24. "Cost-plus" - 25. Precios de transferencias internas - 26. Control oficial de precios - 27. Utilidades sobre capital invertido por líneas de productos
942 _cBK
590 _aniveau_biblio:m niveau_hierar:0
100 1 _aVázquez, Juan Carlos
856 4 1 _uhttps://170.210.207.44/pmb/images/libros/L85529.jpg
_yImagen de portada
_qimage/jpeg
999 _c709
_d709